| Tag |
First Indicator |
Second Indicator |
Subfields |
| LEADER |
00000cam a2200000 4500 |
| 001 |
in00000042678 |
| 005 |
20151007074824.0 |
| 008 |
770314s1955 dcuab b 00000 eng |
| 010 |
|
|
|a 56061002
|
| 035 |
|
|
|a (OCoLC)02800952
|
| 035 |
|
|
|9 AAF2157AM
|
| 040 |
|
|
|a DLC
|c TEU
|d TXA
|d UtOrBLW
|
| 049 |
|
|
|a TXAM
|c [265350]
|
| 050 |
|
0 |
|a SB191.W5
|b N82
|
| 082 |
0 |
|
|a 633.11
|
| 092 |
|
|
|a 633.11
|b N988w, 1955
|
| 100 |
1 |
|
|a Nuttonson, M. Y.
|q (Michael Y.),
|d 1904-
|
| 245 |
1 |
0 |
|a Wheat-climate relationships and the use of phenology in ascertaining the thermal and photo-thermal requirements of wheat :
|b based on data of North America and of some thermally analogous areas of North America, in the Soviet Union, and in Finland.
|
| 264 |
|
1 |
|a Washington :
|b American Institute of Crop Ecology,
|c 1955.
|
| 300 |
|
|
|a vii, 388 pages :
|b maps, diagrams, tables. ;
|c 28 cm.
|
| 336 |
|
|
|a text
|b txt
|2 rdacontent
|
| 337 |
|
|
|a unmediated
|b n
|2 rdamedia
|
| 338 |
|
|
|a volume
|b nc
|2 rdacarrier
|
| 500 |
|
|
|a "Sponsored by the United States Weather Bureau under Contract Cwb-8535."
|
| 504 |
|
|
|a Bibliography: pages 383-388.
|
| 650 |
|
0 |
|a Wheat.
|
| 999 |
|
|
|a MARS
|
| 999 |
f |
f |
|s 4f716673-7b15-303a-97be-2a4870620790
|i 64a3ee1e-5170-38fe-b639-35ed63854c6d
|t 0
|
| 952 |
f |
f |
|p ric
|a Texas A&M University
|b Rellis Campus
|c Joint Library Facility
|d Remote Storage
|t 0
|e SB191.W5 N82
|h Library of Congress classification
|i unmediated -- volume
|m A14801072455
|
| 998 |
f |
f |
|a SB191.W5 N82
|t 0
|l Remote Storage
|